<?xml version="1.0" encoding="UTF-8"?>
<record
    xmlns:xsi="http://www.w3.org/2001/XMLSchema-instance"
    xsi:schemaLocation="http://www.loc.gov/MARC21/slim http://www.loc.gov/standards/marcxml/schema/MARC21slim.xsd"
    xmlns="http://www.loc.gov/MARC21/slim">

  <leader>02047cam a2200421 a 4500</leader>
  <datafield tag="999" ind1=" " ind2=" ">
    <subfield code="c">17787</subfield>
    <subfield code="d">17787</subfield>
  </datafield>
  <controlfield tag="001">15070518</controlfield>
  <controlfield tag="003">OSt</controlfield>
  <controlfield tag="005">20181016100721.0</controlfield>
  <controlfield tag="008">071105s2008    nyuac    b    001 0 rus c</controlfield>
  <datafield tag="010" ind1=" " ind2=" ">
    <subfield code="a">  2007940764</subfield>
  </datafield>
  <datafield tag="020" ind1=" " ind2=" ">
    <subfield code="a">9780963059475</subfield>
  </datafield>
  <datafield tag="020" ind1=" " ind2=" ">
    <subfield code="a">0963059475</subfield>
  </datafield>
  <datafield tag="035" ind1=" " ind2=" ">
    <subfield code="a">(OCoLC)ocn226956959</subfield>
  </datafield>
  <datafield tag="040" ind1=" " ind2=" ">
    <subfield code="a">COO</subfield>
    <subfield code="c">COO</subfield>
    <subfield code="d">WTU</subfield>
    <subfield code="d">TXA</subfield>
    <subfield code="d">EVIEW</subfield>
    <subfield code="d">J9U</subfield>
    <subfield code="d">DLC</subfield>
  </datafield>
  <datafield tag="042" ind1=" " ind2=" ">
    <subfield code="a">pcc</subfield>
  </datafield>
  <datafield tag="050" ind1="0" ind2="0">
    <subfield code="a">BD422.R9</subfield>
    <subfield code="b">D38 2008</subfield>
  </datafield>
  <datafield tag="066" ind1=" " ind2=" ">
    <subfield code="c">(N</subfield>
  </datafield>
  <datafield tag="100" ind1="1" ind2=" ">
    <subfield code="6">880-01</subfield>
    <subfield code="a">Davydov, Joseph,</subfield>
    <subfield code="d">1932-</subfield>
  </datafield>
  <datafield tag="245" ind1="1" ind2="0">
    <subfield code="6">880-02</subfield>
    <subfield code="a">Dusha i telo =</subfield>
    <subfield code="b">Soul and body /</subfield>
    <subfield code="c">Isa&#x12D; Shoulovich Davydov.</subfield>
  </datafield>
  <datafield tag="246" ind1="1" ind2="5">
    <subfield code="6">880-03</subfield>
    <subfield code="a">Dusha i telo, um i mozg</subfield>
  </datafield>
  <datafield tag="246" ind1="3" ind2="1">
    <subfield code="a">Soul and body</subfield>
  </datafield>
  <datafield tag="260" ind1=" " ind2=" ">
    <subfield code="6">880-04</subfield>
    <subfield code="a">N&#x2B9;i&#xFE20;u&#xFE21;-&#x12C;ork :</subfield>
    <subfield code="b">International Scientific Center,</subfield>
    <subfield code="c">c2008.</subfield>
  </datafield>
  <datafield tag="300" ind1=" " ind2=" ">
    <subfield code="a">416 p. :</subfield>
    <subfield code="b">ill., port. ;</subfield>
    <subfield code="c">23 cm.</subfield>
  </datafield>
  <datafield tag="490" ind1="1" ind2=" ">
    <subfield code="6">880-05</subfield>
    <subfield code="a">SOS, nauchnye problemy morali, schast&#x2B9;i&#xFE20;a&#xFE21;, dolgoletii&#xFE20;a&#xFE21; i bessmertii&#xFE20;a&#xFE21; / Isa&#x12D; Shoulovich Davydov ;</subfield>
    <subfield code="v">t. 4</subfield>
  </datafield>
  <datafield tag="650" ind1=" " ind2="0">
    <subfield code="a">Soul.</subfield>
  </datafield>
  <datafield tag="650" ind1=" " ind2="0">
    <subfield code="a">Mind and body.</subfield>
  </datafield>
  <datafield tag="650" ind1=" " ind2="0">
    <subfield code="a">Philosophy of mind.</subfield>
  </datafield>
  <datafield tag="650" ind1=" " ind2="0">
    <subfield code="a">Truth.</subfield>
  </datafield>
  <datafield tag="653" ind1=" " ind2=" ">
    <subfield code="a">Soul and body</subfield>
    <subfield code="a">Truth</subfield>
    <subfield code="a">Philosophy</subfield>
  </datafield>
  <datafield tag="800" ind1="1" ind2=" ">
    <subfield code="a">Davydov, Joseph,</subfield>
    <subfield code="d">1932-</subfield>
    <subfield code="t">SOS.</subfield>
    <subfield code="p">Nauchnye problemy morali, schast&#x2B9;i&#xFE20;a&#xFE21;, dolgoletii&#xFE20;a&#xFE21; i bessmertii&#xFE20;a&#xFE21; ;</subfield>
    <subfield code="v">t. 4.</subfield>
  </datafield>
  <datafield tag="880" ind1="1" ind2=" ">
    <subfield code="6">100-01/(N</subfield>
    <subfield code="a">&#x414;&#x430;&#x432;&#x44B;&#x434;&#x43E;&#x432;, &#x418;&#x441;&#x430;&#x439;,</subfield>
    <subfield code="d">1932-</subfield>
  </datafield>
  <datafield tag="880" ind1="1" ind2="0">
    <subfield code="6">245-02/(N</subfield>
    <subfield code="a">&#x414;&#x443;&#x448;&#x430; &#x438; &#x442;&#x435;&#x43B;&#x43E; =</subfield>
    <subfield code="b">Soul and body /</subfield>
    <subfield code="c">&#x418;&#x441;&#x430;&#x439; &#x428;&#x43E;&#x443;&#x43B;&#x43E;&#x432;&#x438;&#x447; &#x414;&#x430;&#x432;&#x44B;&#x434;&#x43E;&#x432;.</subfield>
  </datafield>
  <datafield tag="880" ind1="3" ind2="5">
    <subfield code="6">246-03/(N</subfield>
    <subfield code="a">&#x414;&#x443;&#x448;&#x430; &#x438; &#x442;&#x435;&#x43B;&#x43E;, &#x443;&#x43C; &#x438; &#x43C;&#x43E;&#x437;&#x433;</subfield>
  </datafield>
  <datafield tag="880" ind1=" " ind2=" ">
    <subfield code="6">260-04/(N</subfield>
    <subfield code="a">&#x41D;&#x44C;&#x44E;-&#x419;&#x43E;&#x440;&#x43A; :</subfield>
    <subfield code="b">International Scientific Center,</subfield>
    <subfield code="c">c2008.</subfield>
  </datafield>
  <datafield tag="880" ind1="1" ind2=" ">
    <subfield code="6">490-05/(N</subfield>
    <subfield code="a">&#x421;&#x41E;&#x421;, &#x43D;&#x430;&#x443;&#x447;&#x43D;&#x44B;&#x435; &#x43F;&#x440;&#x43E;&#x431;&#x43B;&#x435;&#x43C;&#x44B; &#x43C;&#x43E;&#x440;&#x430;&#x43B;&#x438;, &#x441;&#x447;&#x430;&#x441;&#x442;&#x44C;&#x44F;, &#x434;&#x43E;&#x43B;&#x433;&#x43E;&#x43B;&#x435;&#x442;&#x438;&#x44F; &#x438; &#x431;&#x435;&#x441;&#x441;&#x43C;&#x435;&#x440;&#x442;&#x438;&#x44F; / &#x418;&#x441;&#x430;&#x439; &#x428;&#x43E;&#x443;&#x43B;&#x43E;&#x432;&#x438;&#x447; &#x414;&#x430;&#x432;&#x44B;&#x434;&#x43E;&#x432; ;</subfield>
    <subfield code="v">&#x442;. 4</subfield>
  </datafield>
  <datafield tag="906" ind1=" " ind2=" ">
    <subfield code="a">7</subfield>
    <subfield code="b">cbc</subfield>
    <subfield code="c">pccadap</subfield>
    <subfield code="d">3</subfield>
    <subfield code="e">epcn</subfield>
    <subfield code="f">20</subfield>
    <subfield code="g">y-nonroman</subfield>
  </datafield>
  <datafield tag="942" ind1=" " ind2=" ">
    <subfield code="2">lcc</subfield>
    <subfield code="c">BOOKS</subfield>
    <subfield code="h">BD 422 .R9D38 2008</subfield>
  </datafield>
  <datafield tag="952" ind1=" " ind2=" ">
    <subfield code="0">0</subfield>
    <subfield code="1">0</subfield>
    <subfield code="2">lcc</subfield>
    <subfield code="4">0</subfield>
    <subfield code="7">0</subfield>
    <subfield code="a">MUC</subfield>
    <subfield code="b">MUC</subfield>
    <subfield code="c">GEN</subfield>
    <subfield code="d">2016-11-29</subfield>
    <subfield code="e">Donation (BFA)</subfield>
    <subfield code="l">0</subfield>
    <subfield code="o">BD 422 .R9D38 2008</subfield>
    <subfield code="p">28955</subfield>
    <subfield code="r">2019-06-10</subfield>
    <subfield code="w">2016-11-29</subfield>
    <subfield code="y">BOOKS</subfield>
  </datafield>
</record>
